Films par répliques de A à Z - Statistiques

Statistiques générales
  • Ce quiz a été pris 3 754 fois
  • Le résultat moyen est 12 sur 26
Statistiques - réponses
Quote Movie % Correct
E Téléphone... maison E.T., l'extra-terrestre
94%
S Je suis ton père Star Wars, épisode V : L'Empire contre-attaque
91%
C Alors, on n’attend pas Patrick ? Camping
85%
A Vous n'êtes plus au Kansas, vous êtes sur Pandora ! Avatar
83%
F La vie, c'est comme une boîte de chocolats Forrest Gump
79%
I Pas d’bras, pas d’chocolat ! Intouchables
76%
H Je jure solennellement que mes intentions sont mauvaises Harry Potter et le Prisonnier d'Azkaban
69%
M Supercalifragilisticexpialidocious ! Mary Poppins
67%
P Vous êtes sans nul doute le pirate le plus pitoyable dont on m'ait parlé. Pirates des Caraïbes : La Malédiction du Black Pearl
67%
D Ah bon, il a pas de prénom ? Le Dîner de cons
58%
T Hasta la vista baby ! Terminator 2 : Le Jugement dernier
47%
V Il y a un tigre dans la salle de bain Very Bad trip
44%
G Ça fait trois fois que vous me faites ça, mes souliers, mon vélo ! La Grande Vadrouille
33%
L Je suis fatigué patron La Ligne verte
32%
N Tu es le roi des cons, au pays des emmerdeurs Nos Jours Heureux
30%
Y Le mot est Oui Yes Man
30%
R Toi, moi, n'importe qui, personne ne frappe aussi fort que la vie Rocky
25%
U Wakatepe baboune ! Un indien dans la ville
24%
Z Quand l'Enfer n'as plus assez de place, les morts reviennent sur la Terre Zombie
22%
B Mon métier, c'est juste plage Barbie
20%
K Mais droite, lustrer. Main gauche, frotter. Karaté Kid
16%
X Et vous c'est quoi ? Roulettes ? X-Men
14%
W Le seul moyen de prouver la théorie que vous avancez, c'est qu'un parfait idiot s'injecte lui-même un pathogène mortel World War Z
13%
J Putain, j'en ai marre d'avoir toujours raison Jurassic Park
12%
O Si je connaissais le con qui a fait sauter le pont... On a retrouvé la 7ème compagnie
12%
Q Picoti Picota ! Picoti Picota ! Qui veut la peau de Roger Rabbit ?
6%
Aucun quiz correspondant
Distribution des résultats
% des personnes avec chaque résultat
Percentile par nombre de réponses
Votre historique - résultats
Vous n’avez pas pris ce quiz